000 00419nam a2200145Ia 4500
008 170921s9999 xx 000 0 und d
020 _a978 9350008683
082 _a891.43
_bNAG
100 _aनागार्जुन
245 0 _aविधापति की कहानिया
246 _aVidyapati Ki Kahaniyan
260 _aNew Delhi
_bVani Prakashan
_c2000
300 _a61p.
_c22 cm.
700 _aNagarjun
999 _c23286
_d23286